000 00405nam a22001697a 4500
003 OSt
005 20210929114026.0
008 210929b |||||||| |||| 00| 0 eng d
020 _a0727702211
040 _cHAWASSA UNIVERSITY
050 _a553.61/INF
_b1
082 _a553.61/INF
_b1
245 _aTHE INFLUENCE OF VEGETATION ON CLAYS
260 _bLONDON
_c1984
300 _a108
942 _2ddc
_cBOOKS
_n0
999 _c7488
_d7488